000 00298 a2200145 4500
001 48625
040 _cAnchieta - Bela Vista
100 _aMuniz, Flávia
240 1 0 _aTique-taque
_lpor
245 1 0 _aTique-taque
300 _a14
362 0 _a2017
650 4 _aLiteratura infantil
942 _cBK
999 _c48625
_d48625